Dopady finančnej krízy na bankový sektor v EÚ a možnosti jeho riešenia bakalárska práca

Gespeichert in:
Bibliographische Detailangaben
1. Verfasser: Stanová, Barbora, 1989-
Körperschaft: Národohospodárska fakulta EU. Katedra bankovníctva a medzinárodných financií
Weitere Verfasser: Chorvatovič, Martin
Format: Buch
Sprache:Slowakisch
Veröffentlicht: Bratislava 2011
Tags: Tag hinzufügen
Keine Tags, Fügen Sie das erste Tag hinzu!

MARC

LEADER 00000nbm a2200000 4500
001 0139743
005 20161109111643.0
041 0 |a slo 
044 |a SK 
245 1 0 |a Dopady finančnej krízy na bankový sektor v EÚ a možnosti jeho riešenia  |b bakalárska práca  |c Barbora Stanová ; školiteľ: Martin Chorvatovič 
264 1 |a Bratislava  |c 2011 
300 |a 55 s. 
100 1 |a Stanová, Barbora, 1989- 
700 1 |a Chorvatovič, Martin 
710 2 |a Národohospodárska fakulta EU. Katedra bankovníctva a medzinárodných financií